000 00804nam a22002777a 4500
001 000480
003 DO-SdBPM
005 20260209104752.0
007 ta
008 160906b1990 sp ||| 00| 0 spa d
020 _a8476723008
040 _aDO-SdBPM
_bspa
_cBPMSU
_erda
082 4 _a796.1
_bR173j 1990
_222
100 1 _aRamírez, Tony
_eautor
_4aut.
245 1 0 _aJuegos para después del colegio /
_cTony Ramírez.
264 _aBarcelona :
_bEdicomunicación,
_c1990.
300 _a156 páginas ;
_c18 cm.
336 _atexto
_btxt
_2rdacontent
337 _asin mediación
_bn
_2rdamedia
338 _avolumen
_bnc
_2rdacarrier
490 0 _aIdeas,
_v49
590 _aInventariado, 2024/VM
650 7 _aJuegos infantiles.
910 _aVMateo V. Control de calidad. BPMSU
942 _2ddc
_cBK
999 _c11345
_d11345